[Event "34th European Club Cup 2018"]
[Site "Halkidiki"]
[Date "2018.10.17"]
[Round "6"]
[White "Duijn, Rob"]
[Black "Vanheirzeele, Daniel"]
[Result "1-0"]
[WhiteElo "2169"]
[BlackElo "2158"]
[Annotator "NA"]
[PlyCount "139"]
[EventDate "2018.10.12"]
[EventType "team-tourn"]
[EventCountry "GRE"]
[SourceTitle "playchess.com"]
[Source "ChessBase"]
[SourceQuality "1"]
[WhiteTeam "Deloitte"]
[BlackTeam "KGSRL"]

1. d4 Nf6 2. Nf3 c5 3. e3 e6 4. Nbd2 cxd4 5. exd4 b6 6. c3 Bb7 7. Bd3 Be7 8. O-O O-O 9. Re1 d6 10. Qe2 Nbd7 11. Nc4 Re8 12. Bf4 Nf8 13. Rad1 Ng6 14. Bg5 Nd5 15. Bxe7 Qxe7 16. g3 Rad8 17. Bxg6 hxg6 18. Ncd2 a6 19. h4 b5 20. Ng5 Nf6 21. a3 Qc7 22. Nge4 Nxe4 23. Nxe4 Qc6 24. f3 Qd5 25. Ng5 Qf5 26. Qd3 Bd5 27. Qxf5 gxf5 28. Kf2 f6 29. Nh3 e5 30. f4 e4 31. Ke3 a5 32. Ra1 Rb8 33. Rec1 Rec8 34. Nf2 Kf7 35. Kd2 Bb3 36. g4 Rh8 37. Rh1 Rbe8 38. Ke3 fxg4 39. Nxg4 Rh5 40. Rh2 Reh8 41. Rah1 Be6 42. Nf2 Bd5 43. Nd1 Bc4 44. Kf2 g5 45. Kg3 g4 46. Ne3 f5 47. a4 Rb8 48. Ra1 Bd3 49. axb5 Rxb5 50. d5 Ke7 51. Ra3 Rc5 52. Rh1 Rh8 53. Nxf5+ Kf6 54. Ne3 Rb8 55. Rh2 Rcb5 56. Ra2 Bb1 57. Ra1 Rxb2 58. Nxg4+ Kf7 59. Rxb2 Rxb2 60. Rxa5 Rb3 61. Ra7+ Kg6 62. Rc7 Bd3 63. Rc6 Kf7 64. h5 Rb1 65. Rxd6 Rg1+ 66. Kh4 Rh1+ 67. Kg5 Rg1 68. Rf6+ Ke7 69. Re6+ Kd7 70. f5 1-0

[Event "34th European Club Cup 2018"]
[Site "Halkidiki"]
[Date "2018.10.17"]
[Round "6"]
[White "Ledger, Dave J"]
[Black "Nordenbaek, Jan"]
[Result "1/2-1/2"]
[WhiteElo "2168"]
[BlackElo "2173"]
[Annotator "NA"]
[PlyCount "68"]
[EventDate "2018.10.12"]
[EventType "team-tourn"]
[EventCountry "GRE"]
[SourceTitle "playchess.com"]
[Source "ChessBase"]
[SourceQuality "1"]
[WhiteTeam "Blackthorne"]
[BlackTeam "Hillerod"]

1. e4 c5 2. Nf3 e6 3. d4 cxd4 4. Nxd4 Nc6 5. Nc3 Nf6 6. Ndb5 d6 7. Bf4 e5 8. Bg5 a6 9. Na3 b5 10. Bxf6 gxf6 11. Nd5 f5 12. g3 fxe4 13. Bg2 Be6 14. Bxe4 Rc8 15. O-O Bg7 16. Qh5 Ne7 17. Nxe7 Qxe7 18. Rad1 b4 19. Nb1 Rc5 20. c3 d5 21. cxb4 Rb5 22. Bf5 Rxb4 23. b3 Bxf5 24. Qxf5 Qe6 25. Qg5 O-O 26. Nc3 Rg4 27. Qh5 d4 28. Na4 Rg6 29. Rfe1 Rh6 30. Qf3 Qh3 31. Qh1 Rd8 32. Nc5 Rc8 33. Nd3 Qf5 34. Re2 Rhc6 1/2-1/2

[Event "34th European Club Cup 2018"]
[Site "Halkidiki"]
[Date "2018.10.17"]
[Round "6"]
[White "Tsarouhas, Konstantinos"]
[Black "Sylvan, Jacob"]
[Result "0-1"]
[WhiteElo "2154"]
[BlackElo "2336"]
[Annotator "NA"]
[PlyCount "82"]
[EventDate "2018.10.12"]
[EventType "team-tourn"]
[EventCountry "GRE"]
[SourceTitle "playchess.com"]
[Source "ChessBase"]
[SourceQuality "1"]
[WhiteTeam "Chania CA"]
[BlackTeam "Nordkalotten"]

1. c4 e5 2. Nc3 Nf6 3. Nf3 Nc6 4. g3 d5 5. cxd5 Nxd5 6. Bg2 Nb6 7. Rb1 f6 8. d4 exd4 9. Nb5 Bf5 10. Bf4 Nd5 11. Nfxd4 Nxf4 12. Bxc6+ bxc6 13. Nxf5 cxb5 14. gxf4 Bb4+ 15. Kf1 Qxd1+ 16. Rxd1 g6 17. Nd4 O-O-O 18. Kg2 a6 19. Nc6 Rxd1 20. Rxd1 Bd6 21. Kf3 f5 22. a4 bxa4 23. Rd4 a3 24. bxa3 Bxa3 25. Ra4 Bd6 26. Na5 Kd7 27. Nc4 Ra8 28. Nxd6 Kxd6 29. Ke3 Kc5 30. Kd3 a5 31. Kc3 Kb5 32. Ra2 a4 33. e3 a3 34. f3 c5 35. e4 fxe4 36. fxe4 Ra4 37. e5 Rxf4 38. Re2 Ra4 39. Kb3 a2 40. Rxa2 Rxa2 41. Kxa2 Kc6 0-1

[Event "34th European Club Cup 2018"]
[Site "Halkidiki"]
[Date "2018.10.17"]
[Round "6"]
[White "Gayson, Peter M"]
[Black "O`connor, Eddie"]
[Result "1-0"]
[WhiteElo "2150"]
[BlackElo "1972"]
[Annotator "NA"]
[PlyCount "103"]
[EventDate "2018.10.12"]
[EventType "team-tourn"]
[EventCountry "GRE"]
[SourceTitle "playchess.com"]
[Source "ChessBase"]
[SourceQuality "1"]
[WhiteTeam "White Rose"]
[BlackTeam "Dublin"]

1. e4 e6 2. d4 d5 3. Nd2 c5 4. Ngf3 Nc6 5. exd5 exd5 6. Bb5 Nf6 7. O-O Be7 8. dxc5 O-O 9. Nb3 Bg4 10. h3 Bh5 11. Be2 Ne4 12. Be3 Re8 13. c3 Bf8 14. Bd4 Re6 15. Re1 Qe7 16. Kf1 Re8 17. Rc1 Qc7 18. Kg1 Qe7 19. Kf1 Ng5 20. Ng1 Bg6 21. Bb5 Ne4 22. Re3 Qh4 23. g3 Qe7 24. Kg2 Nf6 25. Rxe6 fxe6 26. Bd3 Ne4 27. f3 Nf6 28. Bxg6 hxg6 29. Bxf6 gxf6 30. f4 Qc7 31. Nf3 Na5 32. Nxa5 Qxa5 33. Qc2 Kf7 34. b4 Qc7 35. Nh4 f5 36. Nf3 Bg7 37. Qd3 Qc6 38. Re1 Qa4 39. Ng5+ Kg8 40. Qd2 d4 41. cxd4 Bf6 42. Rxe6 Bxg5 43. Rxe8+ Qxe8 44. fxg5 Qe4+ 45. Kh2 Kf7 46. d5 Ke8 47. h4 Kd7 48. b5 Kd8 49. c6 bxc6 50. dxc6+ Ke8 51. c7 Qa8 52. Qd6 1-0

[Event "34th European Club Cup 2018"]
[Site "Halkidiki"]
[Date "2018.10.17"]
[Round "6"]
[White "Longson, Sarah N"]
[Black "Cramling, Dan"]
[Result "1-0"]
[WhiteElo "2149"]
[BlackElo "2358"]
[Annotator "NA"]
[PlyCount "89"]
[EventDate "2018.10.12"]
[EventType "team-tourn"]
[EventCountry "GRE"]
[SourceTitle "playchess.com"]
[Source "ChessBase"]
[SourceQuality "1"]
[WhiteTeam "Oldham"]
[BlackTeam "Team Viking"]

1. e4 d6 2. d4 Nf6 3. Nc3 g6 4. f4 Bg7 5. Nf3 c5 6. dxc5 Qa5 7. Qd4 dxc5 8. Qc4 O-O 9. e5 Nfd7 10. Bd2 Nc6 11. Bd3 Nb6 12. Qb5 Qxb5 13. Bxb5 Nb4 14. O-O-O Bf5 15. Ne1 Bg4 16. Nf3 Bf5 17. Ne1 c4 18. Be3 Rfc8 19. a3 Nc6 20. Bxb6 axb6 21. Nd5 Rd8 22. Bxc6 bxc6 23. Nxe7+ Kf8 24. Nxf5 Rxd1+ 25. Kxd1 gxf5 26. Nf3 f6 27. Re1 Rd8+ 28. Kc1 Kf7 29. c3 fxe5 30. Nxe5+ Bxe5 31. Rxe5 Kf6 32. Re2 Rg8 33. Kd2 h5 34. g3 Rd8+ 35. Ke1 Rg8 36. Rd2 Ke6 37. Rd4 b5 38. Rd2 Ra8 39. Re2+ Kf6 40. Re5 Rb8 41. Rc5 Re8+ 42. Kd2 Rd8+ 43. Kc1 Rd6 44. a4 Re6 45. a5 1-0

[Event "34th European Club Cup 2018"]
[Site "Halkidiki"]
[Date "2018.10.17"]
[Round "6"]
[White "Papadiamandis, Elliot"]
[Black "Filipovic, Slobodan J"]
[Result "1-0"]
[WhiteElo "2149"]
[BlackElo "2202"]
[Annotator "NA"]
[PlyCount "91"]
[EventDate "2018.10.12"]
[EventType "team-tourn"]
[EventCountry "GRE"]
[SourceTitle "playchess.com"]
[Source "ChessBase"]
[SourceQuality "1"]
[WhiteTeam "Bois-Colombes"]
[BlackTeam "Bonnevoie"]

1. e4 c5 2. Nf3 Nc6 3. d4 cxd4 4. Nxd4 e5 5. Nb5 d6 6. N1c3 a6 7. Na3 b5 8. Nd5 Nge7 9. Bg5 h6 10. Bxb5 hxg5 11. Nxe7 axb5 12. Nxc6 Qb6 13. Nb4 Ra4 14. c3 Rh4 15. Qd5 Rxa3 16. bxa3 Bb7 17. Qd2 Rxe4+ 18. Kd1 Rf4 19. Nd5 Bxd5 20. Qxd5 Rxf2 21. Rc1 Qc5 22. Qxc5 dxc5 23. Rc2 Rf4 24. Rb2 Ra4 25. Rxb5 Rxa3 26. Rb8+ Ke7 27. Re1 f6 28. Re2 Ra7 29. Reb2 c4 30. R2b7+ Rxb7 31. Rxb7+ Ke6 32. a4 Kd5 33. Rf7 Bc5 34. Rxg7 Ke4 35. Ke2 Bb6 36. Rg8 Ba5 37. Kd2 Kf4 38. Rc8 e4 39. Rxc4 f5 40. Rc5 Bb6 41. Rb5 Bg1 42. a5 Bxh2 43. a6 Bg1 44. Ke2 Kg4 45. Kf1 f4 46. Kxg1 1-0

[Event "34th European Club Cup 2018"]
[Site "Halkidiki"]
[Date "2018.10.17"]
[Round "6"]
[White "Grubert, Christian"]
[Black "Palsson, Halldor"]
[Result "1-0"]
[WhiteElo "2148"]
[BlackElo "2020"]
[Annotator "NA"]
[PlyCount "61"]
[EventDate "2018.10.12"]
[EventType "team-tourn"]
[EventCountry "GRE"]
[SourceTitle "playchess.com"]
[Source "ChessBase"]
[SourceQuality "1"]
[WhiteTeam "Jetsmark"]
[BlackTeam "Viking CC"]

1. e4 d6 2. Nc3 Nf6 3. Nf3 e5 4. d4 Nbd7 5. Bc4 Be7 6. O-O O-O 7. a4 b6 8. Re1 Bb7 9. d5 Nh5 10. Be3 a6 11. Qd2 Ndf6 12. h3 Qd7 13. Nh2 g6 14. g4 Ng7 15. f4 exf4 16. Bxf4 Qd8 17. Nf3 Nd7 18. e5 dxe5 19. Nxe5 Bc5+ 20. Kh2 Nxe5 21. Bxe5 Re8 22. Qf4 Rxe5 23. Rxe5 Bd6 24. Ne4 Bxe5 25. Qxe5 f5 26. d6+ Kh8 27. dxc7 Qh4 28. Qf6 Qxf6 29. Nxf6 fxg4 30. Rd1 g3+ 31. Kg1 1-0

[Event "34th European Club Cup 2018"]
[Site "Halkidiki"]
[Date "2018.10.17"]
[Round "6"]
[White "Stanic, Zoran"]
[Black "Wundermann, Xavier"]
[Result "1/2-1/2"]
[WhiteElo "2143"]
[BlackElo "2139"]
[Annotator "NA"]
[PlyCount "120"]
[EventDate "2018.10.12"]
[EventType "team-tourn"]
[EventCountry "GRE"]
[SourceTitle "playchess.com"]
[Source "ChessBase"]
[SourceQuality "1"]
[WhiteTeam "Bonnevoie"]
[BlackTeam "Bois-Colombes"]

1. d4 d5 2. Bf4 c6 3. Nf3 Bf5 4. e3 e6 5. Bd3 Bxd3 6. Qxd3 Nf6 7. Nbd2 Nbd7 8. h3 Be7 9. O-O O-O 10. Ne5 c5 11. c3 a6 12. a4 Rc8 13. a5 Re8 14. Bg3 Nxe5 15. dxe5 Nh5 16. Bh2 g6 17. g4 Ng7 18. f4 c4 19. Qe2 Rc5 20. Rad1 Qc8 21. e4 Rxa5 22. f5 exf5 23. gxf5 dxe4 24. f6 Bc5+ 25. Kg2 Nf5 26. Nxc4 Ra2 27. Nd6 Bxd6 28. exd6 Qe6 29. Kh1 e3 30. Rxf5 Qxf5 31. d7 Rd8 32. Qxe3 h5 33. Qe8+ Kh7 34. Qxf7+ Kh6 35. Qg7+ Kg5 36. Rg1+ Kh4 37. Qxg6 Qxg6 38. Rxg6 Rxd7 39. Bg3+ Kxh3 40. Be1 Ra1 41. Rg3+ Kh4 42. Rg1+ Rxe1 43. Rxe1 Rf7 44. Re6 Kg5 45. Re7 Kxf6 46. Re4 Kf5 47. Re2 Rf6 48. Kg2 Re6 49. Rd2 Ke5 50. Kf3 Rd6 51. Rh2 Rh6 52. Rh4 Kf5 53. Kg3 Ke5 54. Rd4 b5 55. Rd8 Rd6 56. Rh8 Rd3+ 57. Kf2 Rd2+ 58. Ke3 Rh2 59. Kf3 Kd5 60. Kg3 Rxb2 1/2-1/2

[Event "34th European Club Cup 2018"]
[Site "Halkidiki"]
[Date "2018.10.17"]
[Round "6"]
[White "Pedersen, Peter Brondt"]
[Black "Healy, John"]
[Result "1/2-1/2"]
[WhiteElo "2140"]
[BlackElo "1919"]
[Annotator "NA"]
[PlyCount "49"]
[EventDate "2018.10.12"]
[EventType "team-tourn"]
[EventCountry "GRE"]
[SourceTitle "playchess.com"]
[Source "ChessBase"]
[SourceQuality "1"]
[WhiteTeam "Bronshoj"]
[BlackTeam "St Benildus"]

1. Nf3 Nf6 2. c4 c5 3. Nc3 e6 4. e3 Nc6 5. d4 cxd4 6. exd4 d5 7. Bd3 Be7 8. O-O Nb4 9. Be2 dxc4 10. Bxc4 Nbd5 11. Re1 O-O 12. Ne5 a6 13. Bb3 Qd6 14. Bg5 Nxc3 15. bxc3 Nd5 16. Bxe7 Nxe7 17. Qf3 Rb8 18. Qh3 Ng6 19. Bc2 b5 20. Re3 Bd7 21. Qh5 Be8 22. Rh3 h6 23. Nxg6 fxg6 24. Bxg6 Rf5 25. Bxe8 1/2-1/2

[Event "34th European Club Cup 2018"]
[Site "Halkidiki"]
[Date "2018.10.17"]
[Round "6"]
[White "Petersen, Steen"]
[Black "Burke, Kevin A."]
[Result "1-0"]
[WhiteElo "2131"]
[BlackElo "1768"]
[Annotator "NA"]
[PlyCount "53"]
[EventDate "2018.10.12"]
[EventType "team-tourn"]
[EventCountry "GRE"]
[SourceTitle "playchess.com"]
[Source "ChessBase"]
[SourceQuality "1"]
[WhiteTeam "Bronshoj"]
[BlackTeam "St Benildus"]

1. c4 e6 2. g3 f5 3. Bg2 Nf6 4. d3 Be7 5. Nc3 Nc6 6. e4 O-O 7. Nge2 d6 8. exf5 exf5 9. Nf4 Ne5 10. d4 Nf7 11. O-O c6 12. b3 Re8 13. Bb2 Ng5 14. d5 c5 15. Re1 Bf8 16. Qc2 Bd7 17. h4 Nf7 18. Ne6 Qc8 19. Qxf5 Nh6 20. Qd3 Nhg4 21. Ne4 Bxe6 22. Nxf6+ Nxf6 23. dxe6 Rxe6 24. Bd5 Nxd5 25. Qxd5 Kf7 26. Rxe6 Qxe6 27. Qxb7+ 1-0

[Event "34th European Club Cup 2018"]
[Site "Halkidiki"]
[Date "2018.10.17"]
[Round "6"]
[White "Gnichtel, Gerd"]
[Black "Lovik, Lasse Ostebo"]
[Result "1/2-1/2"]
[WhiteElo "2125"]
[BlackElo "2362"]
[Annotator "NA"]
[PlyCount "100"]
[EventDate "2018.10.12"]
[EventType "team-tourn"]
[EventCountry "GRE"]
[SourceTitle "playchess.com"]
[Source "ChessBase"]
[SourceQuality "1"]
[WhiteTeam "Echternach"]
[BlackTeam "SK Oslo"]

1. d4 Nf6 2. c4 e6 3. Nf3 d5 4. Nc3 dxc4 5. e3 a6 6. Bxc4 b5 7. Be2 Bb7 8. O-O Nbd7 9. a3 c5 10. dxc5 Nxc5 11. b4 Qxd1 12. Rxd1 Nb3 13. Rb1 Nxc1 14. Rdxc1 Bd6 15. a4 bxa4 16. Nxa4 Be4 17. Ra1 O-O 18. Nc5 Bxc5 19. bxc5 a5 20. Nd2 Bc6 21. Nc4 a4 22. Bf3 Nd5 23. Ne5 Rfc8 24. Ra3 g6 25. Nxc6 Rxc6 26. g3 Ra5 27. Rc4 Raxc5 28. Rxc5 Rxc5 29. Bxd5 Rxd5 30. Rxa4 g5 31. h4 h6 32. hxg5 hxg5 33. g4 Kg7 34. Kg2 Kg6 35. Kg3 Rd1 36. Kg2 Rd6 37. Kg3 f5 38. Ra8 Rd1 39. gxf5+ exf5 40. Ra6+ Kh5 41. Rf6 Rd5 42. Ra6 Rd3 43. Kg2 f4 44. exf4 gxf4 45. Ra5+ Kg4 46. Ra4 Rb3 47. Rc4 Ra3 48. Rb4 Kf5 49. Rc4 Ra8 50. Kf3 Ra3+ 1/2-1/2

[Event "34th European Club Cup 2018"]
[Site "Halkidiki"]
[Date "2018.10.17"]
[Round "6"]
[White "Zymberi, Astrit"]
[Black "Warmerdam, Max"]
[Result "1-0"]
[WhiteElo "2115"]
[BlackElo "2417"]
[Annotator "ChessBase"]
[PlyCount "113"]
[EventDate "2018.10.12"]
[EventType "team-tourn"]
[EventCountry "GRE"]
[SourceTitle "playchess.com"]
[Source "ChessBase"]
[SourceQuality "1"]
[WhiteTeam "Drejtesia"]
[BlackTeam "Apeldoorn"]

1. d4 Nf6 2. c4 g6 3. f3 Bg7 4. e4 d6 5. Ne2 O-O 6. Be3 c5 7. Qd2 b6 8. d5 e6 9. Nec3 exd5 10. cxd5 Ba6 11. Bxa6 Nxa6 12. O-O Nd7 13. Qe2 Nc7 14. a4 f5 15. exf5 Re8 16. Kh1 Bd4 17. Nd1 Bxe3 18. Nxe3 Qe7 19. Ra3 gxf5 20. f4 Qf6 21. Qh5 Rf8 22. Nc3 a6 23. Rf3 Rae8 24. Ra1 Re7 25. Raf1 Kh8 26. Rg3 Qf7 27. Qh6 Qf6 28. Qh5 b5 29. axb5 axb5 30. Ncd1 Rg7 31. Rxg7 Kxg7 32. Rf3 Kh8 33. Rh3 Rf7 34. Rg3 Ne8 35. Rg5 Ng7 36. Qe2 c4 37. Nc3 Re7 38. Nxb5 Nc5 39. Rg3 Nd3 40. h3 Qxb2 41. Qxb2 Nxb2 42. Nxd6 c3 43. Nc2 Nd1 44. Nb5 Re2 45. Nbd4 Re8 46. Kg1 Nh5 47. Rd3 Nb2 48. Rxc3 Nxf4 49. d6 Rd8 50. Rc6 Kg8 51. Nxf5 Kf7 52. Ncd4 Kf6 53. Kh2 Nbd3 54. g3 Nd5 55. d7+ Kf7 56. Rd6 N3b4 57. Nf3 1-0

[Event "34th European Club Cup 2018"]
[Site "Halkidiki"]
[Date "2018.10.17"]
[Round "6"]
[White "Jashari, Ardian"]
[Black "Higgins, Kenneth"]
[Result "1-0"]
[WhiteElo "2113"]
[BlackElo "1823"]
[Annotator "NA"]
[PlyCount "103"]
[EventDate "2018.10.12"]
[EventType "team-tourn"]
[EventCountry "GRE"]
[SourceTitle "playchess.com"]
[Source "ChessBase"]
[SourceQuality "1"]
[WhiteTeam "Dardania"]
[BlackTeam "Ballinasloe"]

1. e4 d6 2. d4 g6 3. Nc3 Bg7 4. Nf3 Nf6 5. Bg5 Bg4 6. h3 Bxf3 7. Qxf3 c6 8. e5 dxe5 9. dxe5 Nd5 10. O-O-O h6 11. Nxd5 cxd5 12. Rxd5 Qc7 13. Bf4 e6 14. Bb5+ Nc6 15. Rd6 Rc8 16. Bxc6+ bxc6 17. Rhd1 O-O 18. h4 Qb6 19. Qe2 Rfd8 20. Be3 Qa5 21. Rxd8+ Rxd8 22. Rxd8+ Qxd8 23. h5 Qd5 24. hxg6 fxg6 25. Bxa7 Qxa2 26. Bd4 Qa1+ 27. Kd2 Qa5+ 28. c3 Qd5 29. Qf3 Qxf3 30. gxf3 g5 31. Ke3 Kf7 32. Ke4 Kg6 33. f4 h5 34. fxg5 Kxg5 35. f3 h4 36. Bg1 h3 37. Bh2 Bf8 38. b4 Be7 39. Ke3 Kf5 40. Kf2 Bh4+ 41. Kf1 Bg5 42. c4 Be3 43. b5 cxb5 44. cxb5 Bd4 45. f4 Ke4 46. Bg1 Kf3 47. f5 Bxe5 48. fxe6 Bd6 49. Bh2 Bxh2 50. e7 Bf4 51. e8=Q h2 52. Qc6+ 1-0

[Event "34th European Club Cup 2018"]
[Site "Halkidiki"]
[Date "2018.10.17"]
[Round "6"]
[White "Schmidt, Martin"]
[Black "Gantner, Matthias"]
[Result "1/2-1/2"]
[WhiteElo "2100"]
[BlackElo "2331"]
[Annotator "NA"]
[PlyCount "60"]
[EventDate "2018.10.12"]
[EventType "team-tourn"]
[EventCountry "GRE"]
[SourceTitle "playchess.com"]
[Source "ChessBase"]
[SourceQuality "1"]
[WhiteTeam "Dublin"]
[BlackTeam "White Rose"]

1. e4 c5 2. Nf3 d6 3. d4 cxd4 4. Nxd4 Nf6 5. Nc3 a6 6. Be2 e6 7. O-O Be7 8. a4 Nc6 9. Be3 O-O 10. f4 Qc7 11. Kh1 b6 12. Nxc6 Qxc6 13. e5 dxe5 14. fxe5 Nd5 15. Nxd5 exd5 16. Bf3 Be6 17. Qd3 b5 18. axb5 axb5 19. Rfd1 g6 20. h3 Rxa1 21. Rxa1 Rc8 22. c3 Bf8 23. Ra5 Rb8 24. b4 Bg7 25. Bd4 Bf5 26. Qe2 Be4 27. Qe3 Bc2 28. Qf2 Bf5 29. Be2 Qe8 30. Qf1 Bxe5 1/2-1/2

[Event "34th European Club Cup 2018"]
[Site "Halkidiki"]
[Date "2018.10.17"]
[Round "6"]
[White "McHugh, Kevin"]
[Black "Laursen, Niels Norskov"]
[Result "0-1"]
[WhiteElo "2084"]
[BlackElo "2304"]
[Annotator "NA"]
[PlyCount "90"]
[EventDate "2018.10.12"]
[EventType "team-tourn"]
[EventCountry "GRE"]
[SourceTitle "playchess.com"]
[Source "ChessBase"]
[SourceQuality "1"]
[WhiteTeam "St Benildus"]
[BlackTeam "Bronshoj"]

1. e4 d6 2. d4 Nf6 3. Nc3 g6 4. Nf3 Bg7 5. Bg5 O-O 6. Qd2 c6 7. Be2 Qc7 8. Bh6 Nbd7 9. Bxg7 Kxg7 10. O-O b5 11. a3 Bb7 12. Rfe1 Rfd8 13. Bd3 e5 14. dxe5 dxe5 15. Qe3 a6 16. Nd2 c5 17. f3 c4 18. Bf1 Nb6 19. Rad1 Rd7 20. Ndb1 Rad8 21. Rxd7 Rxd7 22. Rd1 Rxd1 23. Nxd1 Nfd7 24. Nbc3 Nc5 25. Nf2 Bc8 26. Qd2 Be6 27. Nfd1 Nca4 28. Nxa4 Nxa4 29. Qe3 Qd6 30. Be2 Qd4 31. Kf2 Kf6 32. h4 Ke7 33. c3 Qxe3+ 34. Kxe3 f5 35. Kd2 f4 36. Kc2 Kf6 37. Nf2 Nc5 38. Nh1 h5 39. Kd2 g5 40. hxg5+ Kxg5 41. Kc2 h4 42. Bf1 h3 43. Nf2 hxg2 44. Bxg2 Kh4 45. Nh1 Bh3 0-1

[Event "34th European Club Cup 2018"]
[Site "Halkidiki"]
[Date "2018.10.17"]
[Round "6"]
[White "Kalaitzoglou, Panayotis"]
[Black "Vedder, Henk"]
[Result "0-1"]
[WhiteElo "2071"]
[BlackElo "2336"]
[Annotator "NA"]
[PlyCount "88"]
[EventDate "2018.10.12"]
[EventType "team-tourn"]
[EventCountry "GRE"]
[SourceTitle "playchess.com"]
[Source "ChessBase"]
[SourceQuality "1"]
[WhiteTeam "Chania CC"]
[BlackTeam "En Passant"]

1. e4 e6 2. d4 d5 3. Nc3 Bb4 4. e5 c5 5. a3 Bxc3+ 6. bxc3 Qa5 7. Bd2 Qa4 8. Qg4 g6 9. Bd3 c4 10. Be2 Qxc2 11. Nf3 Bd7 12. a4 Bc6 13. Ng5 h6 14. Qh4 Nd7 15. Rc1 Qb2 16. Be3 Kf8 17. Bd1 Kg7 18. Nh3 Qa3 19. O-O Bxa4 20. Be2 Qe7 21. Qg3 Qd8 22. Nf4 Ne7 23. Bd2 Nf5 24. Qf3 h5 25. Nh3 f6 26. exf6+ Qxf6 27. Bg5 Qf7 28. Nf4 Nf6 29. Rfe1 Ne4 30. h4 Bd7 31. Bd1 Nfd6 32. Bc2 Rhf8 33. Rxe4 dxe4 34. Bxe4 Rae8 35. Qe3 Nf5 36. Qd2 Bc6 37. Bc2 e5 38. d5 Bd7 39. Nh3 Kg8 40. Be4 Nd6 41. Bc2 Bxh3 42. gxh3 Kh7 43. Re1 e4 44. Qd4 Nb5 0-1

[Event "34th European Club Cup 2018"]
[Site "Halkidiki"]
[Date "2018.10.17"]
[Round "6"]
[White "McMillan, Charles Stuart"]
[Black "Otero Martinez, Daniel"]
[Result "1-0"]
[WhiteElo "2070"]
[BlackElo "2167"]
[Annotator "NA"]
[PlyCount "53"]
[EventDate "2018.10.12"]
[EventType "team-tourn"]
[EventCountry "GRE"]
[SourceTitle "playchess.com"]
[Source "ChessBase"]
[SourceQuality "1"]
[WhiteTeam "White Rose"]
[BlackTeam "Dublin"]

1. e4 e5 2. Nf3 d6 3. d4 exd4 4. Nxd4 Nf6 5. Nc3 Be7 6. g3 O-O 7. Bg2 c6 8. a4 a5 9. O-O Na6 10. h3 Nb4 11. Kh2 Re8 12. f4 d5 13. e5 Nd7 14. Nce2 Bc5 15. c3 Na6 16. Be3 Nf8 17. Qd2 Qc7 18. Rae1 Bxd4 19. cxd4 f5 20. exf6 g6 21. g4 Nb4 22. Ng3 Qf7 23. f5 gxf5 24. gxf5 Nd7 25. Bh6 Nxf6 26. Qg5+ Kh8 27. Qxf6+ 1-0

[Event "34th European Club Cup 2018"]
[Site "Halkidiki"]
[Date "2018.10.17"]
[Round "6"]
[White "Millward, Kevin P"]
[Black "Rasmussen, Henning"]
[Result "0-1"]
[WhiteElo "2023"]
[BlackElo "2165"]
[Annotator "NA"]
[PlyCount "102"]
[EventDate "2018.10.12"]
[EventType "team-tourn"]
[EventCountry "GRE"]
[SourceTitle "playchess.com"]
[Source "ChessBase"]
[SourceQuality "1"]
[WhiteTeam "Viking CC"]
[BlackTeam "Jetsmark"]

1. d4 d5 2. Bf4 Nf6 3. e3 Bf5 4. Nf3 e6 5. Be2 Bd6 6. Nbd2 h6 7. O-O O-O 8. Bxd6 cxd6 9. c4 Nbd7 10. b4 a5 11. a3 Qe7 12. Qb3 b6 13. Rfc1 Ra7 14. cxd5 Nxd5 15. b5 Bg4 16. Rc2 f5 17. Rac1 N7f6 18. Rc6 Ne4 19. Bc4 a4 20. Qa2 Nef6 21. Bd3 Bh5 22. Ne1 Bf7 23. Nc4 e5 24. Bxf5 exd4 25. exd4 Nc3 26. Qd2 Ne2+ 27. Kf1 Nxc1 28. Qxc1 Bd5 29. Nxb6 Bxc6 30. bxc6 Re8 31. Nd3 Qe2+ 32. Kg1 Rc7 33. h3 d5 34. Qc5 Qe7 35. Qb5 Qd6 36. g3 Rxc6 37. Nxa4 Rb8 38. Qa5 Qxa3 39. Ndc5 Qa1+ 40. Kg2 Qxd4 41. Ne6 Rxe6 42. Bxe6+ Kh8 43. Qc7 Re8 44. Bd7 Qe4+ 45. Kh2 Qe7 46. Nc5 Rd8 47. Ne6 Rxd7 48. Qc8+ Qe8 49. Qc6 Re7 50. Nf8 Qxc6 51. Ng6+ Kh7 0-1

[Event "34th European Club Cup 2018"]
[Site "Halkidiki"]
[Date "2018.10.17"]
[Round "6"]
[White "Vozinaki, Anthi - Maria"]
[Black "Ejsing, Esben"]
[Result "0-1"]
[WhiteElo "2022"]
[BlackElo "2154"]
[Annotator "NA"]
[PlyCount "94"]
[EventDate "2018.10.12"]
[EventType "team-tourn"]
[EventCountry "GRE"]
[SourceTitle "playchess.com"]
[Source "ChessBase"]
[SourceQuality "1"]
[WhiteTeam "Chania CA"]
[BlackTeam "Nordkalotten"]

1. e4 g6 2. d4 Bg7 3. Nc3 d6 4. Nf3 Nd7 5. Be2 a6 6. a4 e6 7. O-O Ne7 8. Bg5 h6 9. Be3 O-O 10. Qd2 Kh7 11. Rad1 b6 12. Ne1 Bb7 13. f4 f5 14. e5 d5 15. g4 c5 16. Bf3 Rc8 17. Qg2 fxg4 18. Bxg4 Nf5 19. Bf2 Qe8 20. Nf3 cxd4 21. Nxd4 Nc5 22. Kh1 Ne4 23. Nxe4 dxe4 24. Rg1 Ba8 25. Bxf5 exf5 26. Be3 g5 27. Rdf1 Bxe5 28. fxe5 Qxe5 29. Nxf5 Rxf5 30. Rxf5 Qxf5 31. Rf1 Qe6 32. Qe2 Bd5 33. Qxa6 Rxc2 34. Qa7+ Kg6 35. Qb8 Re2 36. Qg3 Rxb2 37. h4 Qe7 38. hxg5 hxg5 39. Kg1 Rb3 40. Qf2 Qe5 41. Bd4 Rg3+ 42. Kh2 Rg2+ 43. Kxg2 e3+ 44. Kh3 g4+ 45. Kxg4 Qg5+ 46. Kh3 exf2 47. Rxf2 Be6+ 0-1

[Event "34th European Club Cup 2018"]
[Site "Halkidiki"]
[Date "2018.10.17"]
[Round "6"]
[White "Ledger, Stephen C"]
[Black "Nilsson, Lars Kjoller"]
[Result "1/2-1/2"]
[WhiteElo "2020"]
[BlackElo "1948"]
[Annotator "NA"]
[PlyCount "61"]
[EventDate "2018.10.12"]
[EventType "team-tourn"]
[EventCountry "GRE"]
[SourceTitle "playchess.com"]
[Source "ChessBase"]
[SourceQuality "1"]
[WhiteTeam "Blackthorne"]
[BlackTeam "Hillerod"]

1. d4 Nf6 2. Bg5 Ne4 3. Bf4 c5 4. f3 Qa5+ 5. c3 Nf6 6. Nd2 cxd4 7. Nb3 Qb6 8. Qxd4 Nc6 9. Qxb6 axb6 10. Nd4 e5 11. Nxc6 exf4 12. Nd4 Bd6 13. e4 fxe3 14. Bc4 O-O 15. O-O-O Bc5 16. Nge2 d5 17. Bb3 Bd7 18. Rhe1 Rfe8 19. Rd3 Re5 20. Ng3 Rae8 21. f4 R5e7 22. Ndf5 Re6 23. Nd4 R6e7 24. Ndf5 Re6 25. Nd4 R6e7 26. Ndf5 Re6 27. Nd4 R6e7 28. Ndf5 Bxf5 29. Nxf5 Re4 30. Bxd5 Rxf4 31. Nxe3 1/2-1/2

[Event "34th European Club Cup 2018"]
[Site "Halkidiki"]
[Date "2018.10.17"]
[Round "6"]
[White "Nahkur, Madis"]
[Black "Richter, Christian"]
[Result "0-1"]
[WhiteElo "2013"]
[BlackElo "2356"]
[Annotator "NA"]
[PlyCount "74"]
[EventDate "2018.10.12"]
[EventType "team-tourn"]
[EventCountry "GRE"]
[SourceTitle "playchess.com"]
[Source "ChessBase"]
[SourceQuality "1"]
[WhiteTeam "Reval"]
[BlackTeam "Bremen"]

1. e4 e5 2. Nf3 Nc6 3. Bb5 a6 4. Ba4 d6 5. O-O Bd7 6. c3 g6 7. d3 Bg7 8. Re1 Nf6 9. Nbd2 O-O 10. Nf1 h6 11. Bd2 Re8 12. Ne3 Nh5 13. Nd5 b5 14. Bc2 Na7 15. d4 c6 16. Ne3 Nc8 17. dxe5 dxe5 18. c4 Nd6 19. cxb5 axb5 20. Bc3 Nb7 21. a4 bxa4 22. Rxa4 Rxa4 23. Bxa4 Qc7 24. Nc4 Bg4 25. h3 Rd8 26. Qxd8+ Nxd8 27. hxg4 Nf4 28. Nfxe5 Qa7 29. b3 Qc5 30. Nd7 Qa7 31. Bxg7 Kxg7 32. Nde5 Qd4 33. Nf3 Qc3 34. Rd1 Nde6 35. Nce5 Ne2+ 36. Kf1 N6d4 37. Nxd4 Nxd4 0-1